000 00539nam a2200217Ia 4500
003 OSt
005 20220926040842.0
006 a|||||r|||| 00| 0
007 ta
008 220923b |||||||| |||| 00| 0 eng d
037 _cGeneral Book
040 _aRTL
_cRTL
_beng
041 _2eng
_aeng
082 _aX:76, H4-;1
100 _aNourse Edwin G
_9117804
245 0 _aPrice making in a democracy
260 _c1944
650 _aPrice
942 _hX:76, H4-;1
_cGB
_2CC
999 _c665825
_d665825